Comuni della Provincia di Udine (con mappa) - Statistics

Statistiche generali
  • Questo quiz è stato fatto 78 volte
  • Il punteggio medio è 54 su 134
Risposte nella Mappa
Le risposte nella mappa del quiz sottostante sono codificate secondo una scala di colori dal rosso al verde in base alla % di persone che hanno risposto correttamente.
 
Statistiche sulle risposte
Risposta % Corretto
Udine
90%
Lignano Sabbiadoro
87%
Aquileia
80%
Tarvisio
80%
Latisana
77%
Palmanova
73%
Sappada
73%
Cividale del Friuli
67%
Gemona del Friuli
67%
San Daniele del Friuli
67%
Tolmezzo
67%
Codroipo
63%
Tarcento
63%
Tavagnacco
63%
Forni di Sopra
60%
Forni di Sotto
60%
Attimis
57%
Forni Avoltri
57%
Marano Lagunare
57%
Martignacco
57%
Nimis
57%
Tricesimo
57%
Venzone
57%
Gonars
53%
Osoppo
53%
Pavia di Udine
53%
Buja
50%
Cervignano del Friuli
50%
Fagagna
50%
Manzano
50%
Moggio Udinese
50%
Reana del Rojale
50%
San Giorgio di Nogaro
50%
Aiello del Friuli
47%
Artegna
47%
Faedis
47%
Malborghetto-Valbruna
47%
Mortegliano
47%
Pontebba
47%
San Giovanni al Natisone
47%
Sauris
47%
Terzo di Aquileia
47%
Torviscosa
47%
Ampezzo
43%
Bagnaria Arsa
43%
Carlino
43%
Chiusaforte
43%
Drenchia
43%
Majano
43%
Pasian di Prato
43%
Paularo
43%
Remanzacco
43%
Resia
43%
Arta Terme
40%
Basiliano
40%
Campoformido
40%
Cassacco
40%
Enemonzo
40%
Magnano in Riviera
40%
Ovaro
40%
Paluzza
40%
Pradamano
40%
Ravascletto
40%
Resiutta
40%
Ruda
40%
Trasaghis
40%
Villa Santina
40%
Amaro
37%
Bordano
37%
Buttrio
37%
Castions di Strada
37%
Colloredo di Monte Albano
37%
Dogna
37%
Montenars
37%
Muzzana del Turgnano
37%
Santa Maria la Longa
37%
San Vito di Fagagna
37%
Cavazzo Carnico
33%
Corno di Rosazzo
33%
Flaibano
33%
Forgaria nel Friuli
33%
Lusevera
33%
Porpetto
33%
Precenicco
33%
Premariacco
33%
Raveo
33%
San Vito al Torre
33%
Sutrio
33%
Taipana
33%
Treppo Grande
33%
Treppo Ligosullo
33%
Verzegnis
33%
Bicinicco
30%
Fiumicello Villa Vicentina
30%
Pagnacco
30%
Palazzolo dello Stella
30%
Pocenia
30%
Povoletto
30%
Prepotto
30%
Rive d'Arcano
30%
San Leonardo
30%
San Pietro al Natisone
30%
Savogna
30%
Socchieve
30%
Talmassons
30%
Visco
30%
Campolongo Tapogliano
27%
Cercivento
27%
Chiopris-Viscone
27%
Comeglians
27%
Dignano
27%
Grimacco
27%
Prato Carnico
27%
Rigolato
27%
Trivignano Udinese
27%
Zuglio
27%
Camino al Tagliamento
23%
Lestizza
23%
Moimacco
23%
Moruzzo
23%
Pozzuolo del Friuli
23%
Rivignano Teor
23%
Sedegliano
23%
Stregna
23%
Varmo
23%
Mereto di Tomba
20%
Pulfero
20%
Ragogna
20%
Ronchis
20%
Bertiolo
17%
Coseano
17%
Lauco
17%
Preone
17%
Torreano
17%
Nessun quiz corrispondente trovato
Distribuzione punteggi
Percentuale di utenti per punteggio
Percentile per numero di risposta
I tuoi punteggi nel tempo
Non hai fatto questo quiz